Historia de la nación latinoamericana

Furkejuvvon:
Bibliográfalaš dieđut
Váldodahkki: Ramos, Jorge Abelardo (Dahkki)
Materiálatiipa: Girji
Giella:espánnjágiella
Almmustuhtton: Córdoba A. Peña Lillo 1968
Fáttát:
Fáddágilkorat: Lasit fáddágilkoriid
Eai fáddágilkorat, Lasit vuosttaš fáddágilkora!

MARC

LEADER 00000nam a2200000 a 4500
001 UCO2893
003 CL-VaPUC
008 000608e19680000AG |||||||||||||||||spa|d
082 0 4 |a 980  |b RAM  |2 21 
100 0 |a Ramos, Jorge Abelardo  |e author  |9 446609 
245 1 0 |a Historia de la nación latinoamericana 
300 |a 601 p 
942 |c BK 
945 |d 20000608 00:00:00  |a rherrera 
260 |a Córdoba  |b A. Peña Lillo  |c 1968 
600 0 |a Bolívar, Simón   |d 1783-1830  |9 265422 
650 0 |a Historia de América  |9 266076 
650 0 |a Descubrimiento y Conquista de América  |9 446281 
650 0 |a Independencia Americana  |9 395691 
650 0 |a Lucha de clases  |9 403122 
650 7 |a MARXISMO  |2 CL-VaPUC  |9 446610 
650 7 |a NACIONALISMO  |2 CL-VaPUC  |9 446611 
650 0 |a Socialismo  |9 255260 
650 0 |a Historia siglo 20  |9 255736 
651 0 |a América Latina   |9 255027 
651 7 |a PANAMA  |2 CL-VaPUC  |9 257728 
651 7 |a AYACUCHO  |2 CL-VaPUC  |9 446612 
583 |a last modification  |c 20160912 04:58:45  |k Rodrigo Vera 
999 |c 289384  |d 289382 
952 |0 0  |1 0  |4 0  |6 980_000000000000000_RAM_1968  |7 0  |8 A  |9 337732  |a BIBHIS  |b BIBHIS  |d 2019-11-20  |i 1288776  |o 980 RAM 1968  |p 1288776  |r 2025-01-20  |w 2019-11-20  |y BK  |k HIS